Siyasal bilinç ve toplumsal değişim (Record no. 2925)

MARC details
000 -BAŞLIK
Sabit Uzunlukta Kontrol Alanı 01055na a2200301 4500
001 - KONTROL NUMARASI
Denetim Alanı 13450
003 - KONTROL NUMARASI IDENTIFIER
Denetim Alanı MIRAKIL
005 - SON İŞLEM TARİHİ VE ZAMANI
Denetim Alanı 20181213154914.0
008 - SABİT-BOY VERİ ELEMANLARI - GENEL BİLGİLER
Sabit Uzunlukta Kontrol Alanı 161009b tu 000 0
020 ## - ULUSLARARASI STANDART KİTAP NUMARASI
Uluslararası Standart Kitap Numarası 9755200053
035 ## - SİSTEM KONTROL NUMARASI
Sistem Kontrol Numarası 13450
040 ## - KATALOGLAMA KAYNAK
Orijinal Kataloglama Ajansı Milas
Kataloglama Dili tur
Metne Dönüştürmek Ajansı TR-AnCHP
082 ## - DEWEY ONLU SINIFLANDIRMA NUMARASI
Sınıflandırma Numarası 306.2
Ürün Numarası A44s
090 ## - SINIFLAMA NUMARASI
Sınıflama Numarası 306.2 A44s 1989
100 ## - ANA GİRİŞ - KİŞİSEL İSİM
Kişisel Ad Alkan, Türker
245 ## - BAŞLIK TABLOSU
Başlık Siyasal bilinç ve toplumsal değişim
Başlığın Kalan siyasal bilincin gelişmesinde ailenin, okulun ve toplumsal sınıfların etkisi
Sorumluluk Tablosu, Vb Türker Alkan
246 ## - UNVAN FORM VARYING
Başlık Doğru / Kısa Başlığı Siyasal bilincin gelişmesinde ailenin, okulun ve toplumsal sınıfların etkisi
260 ## - YAYIN, DAĞITIM, VB
Yayın, Dağıtım, Vb Yeri Ankara
Yayıncı, Dağıtıcı, Vs Adı Gündoğan Yayınları
Yayın, Dağıtım, Vb Tarihi 1989
300 ## - FİZİKSEL TANIM
Kapsam xviii, 380 s.
Diğer Fiziksel Ayrıntıları tbl., grf.
Boyutlar 21 sm.
490 ## - SERİSİ TABLOSU
Seri Beyanı Sosyoloji dizisi
Hacim / Ardışık Tanımı 02.03
490 ## - SERİSİ TABLOSU
Seri Beyanı Gündoğan yayınları
Hacim / Ardışık Tanımı 89.13
504 ## - KAYNAKÇA VB NOT
Kaynakça Vb Notu Kaynakça var
650 ## - KONU KATMA GİRİŞ - TOPİKAL DÖNEM
Topikal Süreli Veya Coğrafi Ad Giriş Elemanı Siyasal bilinç
Genel Alt Bölümü Gelişim süreci
650 ## - KONU KATMA GİRİŞ - TOPİKAL DÖNEM
Topikal Süreli Veya Coğrafi Ad Giriş Elemanı Siyaset (sosyoloji)
Coğrafi Alt Bölümü Siyasal toplumsallaşma
651 ## - KONU KATMA GİRİŞ - COĞRAFİ ADI
Coğrafi İsim Türkiye
Genel Alt Bölümü Toplumsal gelişme
651 ## - KONU KATMA GİRİŞ - COĞRAFİ ADI
Coğrafi İsim Türkiye
Genel Alt Bölümü Eğitim
Kronolojik Alt Bölümü Yurttaşlık bilgisi
942 ## - EKLENDİ GİRİŞ ELEMANLARI (KOHA)
Sınıflandırma Veya Raf Düzeni Kaynak Dewey Decimal Classification
Koha Öğesi Türü Books
999 ## - SİSTEM KONTROL NUMARALARI (KOHA)
Koha Biblionumber 2925
Koha Biblioitemnumber 2925
Holdings
Kalıcı Konum Mevcut Konum Edinme Tarihi Edinim Kaynak Toplam Check-Out'Lar Tam Çağrı Numarası Barkod Tarih Son Görülme İtibaren Geçerli Fiyatlar Koha Öğesi Türü
CHP Kütüphanesi CHP Kütüphanesi 08/14/2016 Bağış   306.2 A44s 1989 000787 08/14/2016 08/14/2016 Books